00330nam a2200133Ia 4500003000400000008004100004020002300045040000800068100001600076245005800092260002600150300000900176365001100185LDD181029s9999 xx 000 0 und d a8130900645c795.00 cLDD aBrdade, Sue 2aA practical guide to knowledge managementcSue Brdade aNew DelhibVivac2006 a94p. b795.00